000
00219 a2200097 4500
001
1663
100
_a
French, T.E
245
_a
Engineering Drawing for students draftsman
260
_a
_b
Mc Graw
_c
090
_c
1200
_d
1200
942
_a
NUST-CAE
_c
M
_c
2226
999
_c
236736
_d
236736